The 'Middle' Quiz Stats

 Plays Quiz Updated Oct 9, 2018

Challenge
Share
Tweet
Embed
Score 0/21 Timer 05:00
4 Plays Today
Hint Answer % Correct
Between the ring and pointer finger, or an obscene gesturemiddle finger
96.7%
Region including such countries as Iraq and SyriaMiddle East
96.7%
What many people have in addition to a surnamemiddle name
96.4%
In America, it typically falls between 6th and 8th grademiddle school
94%
Someone who acts as an intermediary between producers and consumersmiddleman
93.2%
TV sitcom starring Frankie MunizMalcolm in the Middle
90.6%
Someone with an equal number of older and younger siblingsmiddle child
89.8%
Someone who is between 40 and 60 years oldmiddle aged
88.9%
Falling in the middle of the socioeconomic hierarchy middle class
88%
The period of time between the fall of Rome and the RenaissanceMiddle Ages
85.6%
Fictional world inhabited by Men, Elves, Dwarves, and Hobbits Middle-earth
83.7%
Hint Answer % Correct
A children's game, also known as Keep AwayMonkey in the Middle
64.7%
The language of Chaucer and Sir Gawain and the Green KnightMiddle English
61.8%
A term referring to suburban United States as well as the area between the West and East CoastMiddle America
50.7%
The level of a business whose primary job is watching after hired labormiddle management
49.3%
A historic county of England that derived its name from the Middle SaxonsMiddlesex
46.5%
An expression for something or someplace that is totally removed from the rest of the worldmiddle of nowhere
38.1%
A baseball term referring to someone who replaces the starting pitcher in the 6th and 7th inningsmiddle relief pitcher
34.5%
A political person or position that is neither conservative nor liberalmiddle of the road
31.5%
Either a 1972 song by Stealers Wheel or any of its many cover versionsStuck in the Middle with You
31.3%
A type of insomnia where one awakes during the night and cannot fall asleep againmiddle-of-the-night insomnia
15.8%

You're not logged in!

Compare scores with friends on all Sporcle quizzes.
OR
Log In

You Might Also Like...

Show Comments

Extras

Top Quizzes Today


Score Distribution

Your Account Isn't Verified!

In order to create a playlist on Sporcle, you need to verify the email address you used during registration. Go to your Sporcle Settings to finish the process.

Report this User

Report this user for behavior that violates our Community Guidelines.

Details: